El Salvador; un cambiante escenario de la paz /
En El Salvador, a partir de la ofensiva militar insurgente de enero de 1981, se pusó en evidencia un profundo cambio en la vida socio-política salvadoreña, pues la guerra civil había estallado. Durante 1980 se dió el proceso de conformación en El Salvador de las dos fuerzas beligerantes que pasarían...
Kaydedildi:
| Yazar: | |
|---|---|
| Materyal Türü: | Metin |
| Konular: | |
| Etiketler: |
Etiketle
Etiket eklenmemiş, İlk siz ekleyin!
|
MARC
| LEADER | 00000 a a2200000 04500 | ||
|---|---|---|---|
| 001 | 12754 | ||
| 003 | |||
| 040 | |||
| 100 | |a Córdova Macías, Ricardo | ||
| 245 | |a El Salvador; un cambiante escenario de la paz / |c Ricardo Córdova Macías | ||
| 520 | |a En El Salvador, a partir de la ofensiva militar insurgente de enero de 1981, se pusó en evidencia un profundo cambio en la vida socio-política salvadoreña, pues la guerra civil había estallado. Durante 1980 se dió el proceso de conformación en El Salvador de las dos fuerzas beligerantes que pasarían, en los años posteriores, a disputarse frontalmente el poder, combinando formas de lucha política y militar. Dichas fuerzas son: La que surge como producto del pacto entre las fuerzas armadas (Ejército Nacional) y el Partido Demócrata Cristiano |a La segunda fuerza es el resultado de un pacto entre el Frente Democrático Revolucionario (F.D.R.) y el Frente Farabundo Martí para la Liberación Nacional (F.M.L.N.). Así, a partir de ese año, la disputa por el control territorial se produce entre dos ejércitos: las fuerzas armadas gubernamentales y el naciente ejército del F.M.L.N. SM/eb | ||
| 650 | |a PAZ | ||
| 650 | |a GUERRA CIVIL | ||
| 650 | |a FUERZAS ARMADAS | ||
| 650 | |a FRENTE FARABUNDO MARTI PARA LA LIBERACION NACIONAL, SV | ||
| 650 | |a GOBIERNO CENTRAL | ||
| 650 | |a FUERZAS ARMADAS | ||
| 773 | |g número 5; páginas 21-34 | ||
| 999 | |c 37691 |d 37691 | ||
